| 000 | 00791nam a22002177a 4500 | ||
|---|---|---|---|
| 999 |
_c20109 _d20109 |
||
| 003 | AR-CdUCM | ||
| 008 | 190527b ||||| |||| 00| 0 spa d | ||
| 040 |
_aMUNICIPALIDAD PROVINCIAL DEL CUSCO _cBIBLIOTECA MUNICIPAL DEL CUSCO |
||
| 082 |
_a868.6 / _bG216 |
||
| 100 |
_aGuardia, Alfredo de la _912854 |
||
| 245 |
_aGarcía Lorca : _bpersona y creación / |
||
| 260 |
_aBuenos Aires : _bEdit. Schapire, _c1944. |
||
| 300 |
_a400 páginas ; _bIlustraciones, _c20 cm. |
||
| 505 | _aContenido: Sierra Nevada -- Andalucía de oriente -- El cortejo del pasado -- La inasible granada... | ||
| 650 |
_aAutores españoles _911961 |
||
| 650 |
_aBiografía _922 |
||
| 650 |
_aGarcía Lorca _918861 |
||
| 700 |
_aMuñoz, Gori (ilustrador) _942067 |
||
| 942 |
_2ddc _cLIBROS |
||
| 945 |
_adavv _d2019-05-27 |
||